Search the Library Catalogue
| 000 -LEADER | |
|---|---|
| fixed length control field | 01206nam a2200205Ia 4500 |
| 008 - FIXED-LENGTH DATA ELEMENTS--GENERAL INFORMATION | |
| fixed length control field | 240825s9999 xx 000 0 und d |
| 020 ## - INTERNATIONAL STANDARD BOOK NUMBER | |
| ISBN | 9780749446505 |
| Paper back/Hardbound | pbk |
| 041 ## - LANGUAGE CODE | |
| Language code of text/sound track or separate title | eng |
| 082 ## - DEWEY DECIMAL CLASSIFICATION NUMBER | |
| Classification number | 005.8 |
| Item number | CAL |
| 100 ## - MAIN ENTRY--AUTHOR NAME | |
| Personal name | Calder, Alan |
| 245 #0 - TITLE STATEMENT | |
| Title | It Governance 3Rd/Edition |
| Statement of responsibility, etc | / Alan Calder Steve Watkins |
| 250 ## - EDITION STATEMENT | |
| Edition statement | 3rd Ed |
| 260 ## - PUBLICATION, DISTRIBUTION, ETC. (IMPRINT) | |
| Year of publication | 2006 |
| Place of publication | London |
| Name of publisher | Kogan page |
| 300 ## - PHYSICAL DESCRIPTION | |
| Number of Pages | xiv, 368 pages : |
| Dimensions | 24 cm. |
| 504 ## - BIBLIOGRAPHY, ETC. NOTE | |
| Bibliography, etc | Includes index |
| 520 ## - SUMMARY, ETC. | |
| Summary, etc | Whether used as a textbook in academic settings, a reference guide in professional contexts, or a self-study resource, this textbook caters to diverse learning needs and preferences. Its organized structure and accessible language make it suitable for individuals at various stages of their academic or professional journey. Salvatore Esposito De Falco is Full Professor of Corporate Governance at Sapienza University of Rome, Italy, where he holds the Chair of Corporate Governance. He has been a visiting professor at Northern Illinois University in Chicago (USA), Baruch College in New York (USA) and the University of Aalborg in Aalborg (Denmark). |
| 650 ## - SUBJECT ADDED ENTRY--TOPICAL TERM | |
| Topical Term | Corporate governance Law and legislation |
| 700 ## - ADDED ENTRY--PERSONAL NAME | |
| Personal name | Corporate governance |
| 942 ## - ADDED ENTRY ELEMENTS (KOHA) | |
| Koha item type | English Books |
| Withdrawn status | Lost status | Damaged status | Not for loan | Home library | Current library | Shelving location | Date acquired | Cost, normal purchase price | Full call number | Accession Number | Price effective from | Koha item type | Copy number |
|---|---|---|---|---|---|---|---|---|---|---|---|---|---|
| Anna Centenary Library | Anna Centenary Library | 3RD FLOOR, A WING | 17.07.2024 | 595.00 | 005.8 CAL | 695927 | 17.07.2024 | English Books | |||||
| Anna Centenary Library | Anna Centenary Library | 3RD FLOOR, A WING | 17.07.2024 | 595.00 | 005.8 CAL;1 | 695928 | 17.07.2024 | English Books | 1 |